[Event "SLO-chT 1st League Central"]
[Site "Ljubljana"]
[Date "2012.10.25"]
[Round "8.3"]
[White "Ogrinec, Marjan"]
[Black "Novak, Robert"]
[Result "0-1"]
[WhiteElo "1624"]
[BlackElo "1619"]
[PlyCount "91"]
[EventDate "2012.09.06"]
[EventType "team-swiss"]
[EventRounds "9"]
[EventCountry "SLO"]
[SourceTitle "EXT 2019"]
[Source "ChessBase"]
[SourceDate "2018.10.10"]
[SourceVersion "1"]
[SourceVersionDate "2018.10.10"]
[SourceQuality "1"]
[WhiteTeam "Kamnik DU"]
[BlackTeam "Vrhnika"]
[WhiteTeamCountry "SLO"]
[BlackTeamCountry "SLO"]

1. d4 d5 2. c4 e6 3. Nc3 Nf6 4. Bg5 Be7 5. e3 c6 6. Nf3 Nbd7 7. a3 h6 8. Bh4 0-0 9. Bd3 dxc4 10. Bxc4 b6 11. 0-0 Bb7 12. Rc1 Qc7 13. Ba2 a6 14. Bg3 Bd6 15. Bxd6 Qxd6 16. e4 Qe7 17. Bb1 Rfd8 18. Qc2 e5 19. Rcd1 Rac8 20. b4 c5 21. bxc5 bxc5 22. d5 Nb6 23. Ba2 Rd6 24. Rb1 Qd7 25. a4 Re8 26. a5 Nc8 27. Na4 Qc7 28. Nxc5 Nd7 29. Rxb7 Qxc5 30. Qa4 Nf6 31. Nd2 Ne7 32. Nb3 Qc8 33. Rb6 Red8 34. Rc1 Qg4 35. f3 Qf4 36. Re1 Nexd5 37. Qa3 Nxb6 38. axb6 Rd1 39. Qb4 R8d2 40. Qxd2 Rxd2 41. Nxd2 Qxd2 42. Rb1 Qxa2 43. Rb4 Qd2 44. Rb1 Qd3 45. Rb4 Nd7 46. b7 0-1